LEADER 01382nam a2200313 a 4500 001 000000138829 003 CaOOAMICUS 005 20140613093658.0 008 140613s1983 gw u000 u ger r 020 $a3-7867-0929-7 040 $aPUL$bita 082 04$a262.5 100 1 $aWohlmuth, Josef,$d1938-$0(OLS)http://pul/name/53200 245 10$aVerständigung in der Kirche :$buntersucht an der Sprache des Konzils von Basel /$cJosef Wohlmuth. 260 $aMainz :$bMatthias-Grünewald,$c©1983. 300 $a291 p. ;$c23 cm 490 1 $aTübinger theologische Studien ;$vBd. 19 504 $aBibliografia: p. 270-274. 611 24$aConcilium Basileense$d(1431-1449).$0(OLS)http://pul/subject/1202 650 4$aConcili e sinodi.$0(OLS)http://pul/subject/1553 830 0$aTübinger theologische Studien ;$vBd. 19.$0(OLS)http://pul/title/32755 850 $aPUL 852 $aPUL$W1$xDP2 Religione 3$y114$m262. 5 WOHJO 1$j160254$qDDC 21$B159702$CPULBib$Z2$F159702 $H91129 $82 941 1 $a9 996 $6020$a3-7867-0929-7$9(OLS)http://pul/number/155543 996 $6082$a262.5$9(OLS)http://pul/classification/444 996 $6245$aVerständigung in der Kirche :$buntersucht an der Sprache des Konzils von Basel$9(OLS)http://pul/title/175761 996 $6260$aMainz :$bMatthias-Grünewald$9(OLS)http://pul/publisher/51243 LEADER 01607nam a2200325 u 4500 001 000000119459 003 CaOOAMICUS 005 20100122125909.0 008 100122t2009 it u000 u ita u 020 $a978-88-13-29718-3 040 $aPUL$bita$dReb 100 1 $aConso, Giovanni.$0(OLS)http://pul/name/15769 245 10$aCommentario breve al codice di procedura penale :$bcomplemento giurisprudenziale /$cGiovanni Conso, Vittorio Grevi ; a cura di Vittorio Grevi ; con la collaborazione di Maria Gabriella Aimonetto [et al.]. 250 $a6. ed. 260 $aPadova :$bCEDAM,$c2009. 300 $axxv, 2813 p. ;$c23 cm. 490 1 $aBreviaria Iuris ;$v6 500 $aIl complemento giurisprudenziale è a cura di Vittorio Grevi. 500 $aCopyright 2009 Wolters Kluwer Italia Srl. 630 04$aCodice di procedura penale$zItalia.$0(OLS)http://pul/subject/20312 650 4$aProcedura penale$zItalia.$0(OLS)http://pul/subject/12686 700 1 $aGrevi, Vittorio.$0(OLS)http://pul/name/15770 700 1 $aAimonetto, Maria Gabriella.$0(OLS)http://pul/name/30579 830 0$aBreviaria Iuris ;$v6.$0(OLS)http://pul/title/8521 850 $aPUL 852 $aPUL$W1$xDP2 Diritto e Scienze Sociali 3$y110$m348. 45 BCOLL 13$j137055$qDDC 21$B136118$CPULBib$Z2$F136118 $H111641 $82 941 1 $a9 996 $6020$a978-88-13-29718-3$9(OLS)http://pul/number/143078 996 $6245$aCommentario breve al codice di procedura penale :$bcomplemento giurisprudenziale$9(OLS)http://pul/title/150294 996 $6260$aPadova :$bCEDAM$9(OLS)http://pul/publisher/48126